| 000 | 00745nam a22001937a 4500 | ||
|---|---|---|---|
| 999 |
_c61758 _d61758 |
||
| 005 | 20240429154050.0 | ||
| 008 | 240429s1991 enk||||| |||| 00| 0 eng d | ||
| 020 | _a0826158900x | ||
| 041 | _aeng | ||
| 080 | _a616.831+159.942 N-48 | ||
| 245 |
_aNeuropsychology of Perinatal Complications / _cEditors Jeffery W. Gray, Raymond S. Dean. |
||
| 264 |
_aNew York : _bSpringer, _c1991. |
||
| 300 |
_a240 p.; _b24 cm. |
||
| 653 | _aპერინატალური გართულებების ნეიროფსიქოლოგია | ||
| 653 | _aმედიცინა | ||
| 700 |
_aGray, Jeffery W. _eრედაქტორი _921979 |
||
| 700 |
_aDean, Raymond S. _eრედაქტორი _921980 |
||
| 942 |
_2udc _cBK |
||